01018nam a22002777a 45000010005000000030006000050050017000110080041000280200018000690400029000870500021001160820011001371000020001482450062001682500024002302600038002543000049002924900034003415050008003755200195003835210029005785210020006076500041006277000034006687000038007027972FISKH20250815134627.0250815b cb ||||| |||| 00| 0 eng d a9789386106599 aFISKHbengcFISKHdFISKH aPN1995.H364 B347 a791.43 aBaker, Felicity aAlbus Dumbledore : bCinematic Guide /cBy Felicity Baker aFirst printing 2016 aNew York : bScholastic , c2016. a62 pages : bcolor illustrations ;c22 cm .  aHarry Potter Cinematic Guide  aK  aThe Essential Film Companion for ALBUS DUMBLEDORE that's perfect for the youngest fans! This hardcover guidebook features your favorite scenes and quotes from all eight Harry Potter movies!.8 a510 bLexile estimate 8 aK bRaz-Plus  aHarry Potter SeriesvChildren's book aDeMonico, RickeArt Director  aVenezia, Theresa ePage Designer